| 000 | 01345nam a2200313 a 4500 | ||
|---|---|---|---|
| 001 | ebr10308916 | ||
| 003 | CaPaEBR | ||
| 006 | m u | ||
| 007 | cr cn||||||||| | ||
| 008 | 091002s2007 bcca s 001 0 eng d | ||
| 020 | _z9780865715783 (Paperback) | ||
| 020 | _z9781550923834 | ||
| 040 |
_aCaPaEBR _cCaPaEBR |
||
| 035 | _a(OCoLC)471124876 | ||
| 050 | 1 | 4 |
_aHX635 _b.C47 2007.eb |
| 100 | 1 | _aChristian, Diana Leafe. | |
| 245 | 1 | 0 |
_aFinding community _h[electronic resource] : _bhow to join an ecovillage or intentional community / _cDiana Leafe Christian. |
| 260 |
_aGabriola Island, B.C. : _bNew Society Publishers, _c2007. |
||
| 300 |
_axix, 243 p. : _bill. ; _c23 cm. |
||
| 500 | _aIncludes index. | ||
| 505 | 0 | _asection 1. Communities : an overview -- section 2. Researching -- section 3. Visiting -- section 4. Joining. | |
| 533 |
_aElectronic reproduction. _bPalo Alto, Calif. : _cebrary, _d2009. _nAvailable via World Wide Web. _nAccess may be limited to ebrary affiliated libraries. |
||
| 650 | 0 | _aCollective settlements. | |
| 650 | 0 |
_aCommunity life _xEnvironmental aspects. |
|
| 650 | 0 | _aAlternative lifestyles. | |
| 655 | 7 |
_aElectronic books. _2local |
|
| 710 | 2 | _aebrary, Inc. | |
| 856 | 4 | 0 |
_uhttp://site.ebrary.com/lib/rucke/Doc?id=10308916 _zAn electronic book accessible through the World Wide Web; click to view |
| 999 |
_c175383 _d175383 |
||